000 00433nam a2200145Ia 4500
008 240126s9999 xx 000 0 und d
041 _aEnglish
082 _aLIBRARY-IX
245 0 _aInternational Journal of Asian Business and Management Research (2012 -
260 _bGlobal Research Publications
_aNew Delhi
440 _aNULL
650 _aAsian,Business,Management,(2012,-,Management
650 _aManagement
942 _cJN
999 _c269296
_d269296